NGO development initiative and public policy (Record no. 388073)

000 -LEADER
fixed length control field 00494cam a22001457a 4500
008 - FIXED-LENGTH DATA ELEMENTS--GENERAL INFORMATION
fixed length control field 180718b1998 xxu||||| |||| 00| 0 eng d
020 ## - INTERNATIONAL STANDARD BOOK NUMBER
International Standard Book Number 8173912653
082 ## - DEWEY DECIMAL CLASSIFICATION NUMBER
Classification number Q100x54 D535
100 ## - MAIN ENTRY--PERSONAL NAME
Personal name Dharmarajan, Shivani
245 ## - TITLE STATEMENT
Title NGO development initiative and public policy
Statement of responsibility, etc. by Shivani Dharmarajan
260 ## - PUBLICATION, DISTRIBUTION, ETC.
Place of publication, distribution, etc. New Delhi
Name of publisher, distributor, etc. Kanishka
Date of publication, distribution, etc. 1998
300 ## - PHYSICAL DESCRIPTION
Extent 240p.
650 ## - SUBJECT ADDED ENTRY--TOPICAL TERM
Topical term or geographic name entry element Rural development --India --Delhi --Case studies
650 ## - SUBJECT ADDED ENTRY--TOPICAL TERM
Topical term or geographic name entry element Non-governmental organizations --India --Delhi --Case studies
Holdings
Withdrawn status Lost status Damaged status Not for loan Permanent Location Current Location Date acquired Full call number Barcode Checked out Date last seen Price effective from Koha item type
        Indian Institute of Public Administration Indian Institute of Public Administration 1998-12-10 Q100x54 D535 73804 2013-12-12 2018-07-21 2018-07-21 Book

Powered by Koha